000 00611nam a22001937a 4500
005 20251108172654.0
008 250721s2002 xx 000 0 ara d
082 1 4 _a648/صلا
100 1 _aالصلال، عايدة
_eمؤلف
245 1 0 _aتدابير شؤون المنزل والأسرة /
264 1 _aعمان :
_bمكتبة الإمام علي،
_c2002.
300 _a120ص.
650 1 7 _aتدبير شؤون المنزل للبقاء
650 1 7 _aالصحة المنزلية
650 1 7 _aصحة الأسرة
700 1 _aأحمد، خولة
_eمؤلف
942 _2ddc
_cBK
999 _c85564
_d85564